Online Catalogue and eLibrary

Hadihuniam saha samaja peraliya (Record no. 2063)

MARC details
000 -LEADER
fixed length control field 00359nam a2200145Ia 4500
005 - DATE AND TIME OF LATEST TRANSACTION
control field 20250616003613.0
008 - FIXED-LENGTH DATA ELEMENTS--GENERAL INFORMATION
fixed length control field 240331s9999 xx 000 0 und d
082 ## - DDC Classification
Item Number - Author Mark WIJ
Class No. 305
100 ## - MAIN ENTRY--PERSONAL NAME
Personal name Wijesinghe, P.R.H
245 #0 - TITLE STATEMENT
Title Hadihuniam saha samaja peraliya
260 ## - PUBLICATION, DISTRIBUTION, ETC.
Place of publication, distribution, etc. Nugegoda
Name of publisher, distributor, etc. Deepani
Date of publication, distribution, etc. 1976
300 ## - PHYSICAL DESCRIPTION
Extent (e.g. Volumes, Pages etc.) 146 p .,
650 ## - SUBJECT ADDED ENTRY--TOPICAL TERM
Topical term or geographic name entry element Social Survey - 2
942 ## - Koha item type (Biblio)
Koha item type Books in Stacks (Lending)
Holdings
Lost status Damaged status Collection code Home library Current library Shelving location Date acquired Full call number Accession Number Item type
    Lending WERC Library WERC Library Social Science Cupboard 03/31/2024 305.8 WIJ 3474 Books in Stacks (Lending)

© WERC Library